| 000 | 00485nam a2200181Ia 4500 | ||
|---|---|---|---|
| 008 | 240729s9999 xx 000 0 und d | ||
| 022 | _a2544-7297 | ||
| 245 | 0 | _aComputational and Mathematical Biophysics | |
| 260 | _aPoland | ||
| 260 | _bDe Gruyter | ||
| 650 | _a Biotechnology | Science | ||
| 650 | _a Chemical technology | ||
| 650 | _a Physics | ||
| 650 | _aTechnology | ||
| 856 | _uhttps://doaj.org/toc/cfb31f2423d0432fa824293c682d4c5f | ||
| 942 | _2ddc | ||
| 942 | _cDOAJEJ | ||
| 999 |
_c72806 _d72806 |
||
| 945 |
_a1 _bMadushi Gamage _c1 _dMadushi Gamage |
||